| 000 | 004030000a22001690004500 | ||
|---|---|---|---|
| 003 | MACL | ||
| 005 | 20151229154953.0 | ||
| 008 | 151229b xxu||||| |||| 00| 0 eng d | ||
| 040 |
_aMACL _cMACL |
||
| 041 | _aEnglish | ||
| 082 | _a197/ARB | ||
| 100 |
_aArberry, A J _924152 |
||
| 245 | _aIslam To Day | ||
| 260 |
_bFaber and Faber Ltd _aLondon |
||
| 650 |
_aReligion _924153 |
||
| 942 |
_cBK _k297/ARB _2ddc |
||
| 999 |
_c38363 _d38363 |
||